000 00473cam a2200181ua 4500
001 478
008 110406n ii |||gr||||Z||||||eng
040 _cMAIN
082 _a324.2092
245 1 _aLawgiver of machiavelli
_cby Sisir Kanti Bhattacharjee
250 _a1st.
260 _aCalcutta:
_bBookland.
300 _aiii, 106p.:
_c5cm.
653 _aPolitical science
653 _aLawgiver of machiavelli
700 _aBhattacharjee, Sisir Kanti.,
_eAuthor.
942 _cBK
999 _c419
_d419